000 00960cam a22002651 4500
001 gs 39000071
003 DLC
005 20260227111344.0
008 800702s1938 dcuab b f001 0 eng
010 _ags 39000071
035 _a(OCoLC)6479356
040 _aDLC
_cICharE
_dDLC
043 _an-us-ak
050 0 0 _aQE75
_b.B9 no. 894
051 _aQE84.C55
_bM6
100 1 _aMoffit, Fred H.
_q(Fred Howard),
_d1874-1958?
245 1 0 _aGeology of the Chitina valley and adjacent area, Alaska,
_cby Fred H. Moffit.
260 _aWashington,
_bU.S. Govt. Print. Off.,
_c1938.
300 _aiv, 137 p.
_billus., xii pl. (incl. 8 fold. maps)
_c23 cm.
490 0 _aU.S. Geological survey. Bulletin 894
500 _aAt head of title: United States Department of the Interior...Geological survey...
504 _aBibliography: p.6-8.
650 0 _aGeology
_zAlaska
_zChitina River Valley.
740 0 _aChitina valley and adjacent area, Alaska, Geology of the
999 _c27517
_d27517